000 00462 a2200193 4500
999 _c200431187
_d49399
003 TR-AnTOB
005 20190322123808.0
008 190220b xxu||||| |||| 00| 0 tur d
040 _aTR-AnTOB
_cTR-AnTOB
041 _aeng
100 _aM. Night Shyamalan
245 _aThe Village
264 _c2004
336 _2rdacontent
_atext
_btxt
337 _2rdamedia
_aunmediated
_bn
338 _2rdacarrier
_avolume
_bnc
942 _2lcc
_cDVD